Movies Quiz

Random Movies or Actress Quiz
Score 0/24 Timer 05:00
0 Plays Today
Actor A or B? % Correct
Tom Hanks???
85%
Christian Bale???
83%
Denzel Washington???
83%
Al Pacino???
80%
Renée Zellweger???
78.3%
Jack Nicholson???
77.4%
Kevin Spacey???
77%
Kate Winslet???
76.7%
Marlon Brando???
74.1%
Susan Sarandon???
71.9%
George Clooney???
70.6%
Robert De Niro???
69.4%
Actor A or B? % Correct
Katharine Hepburn???
67.3%
Paul Newman???
64.2%
Henry Fonda???
63.9%
Morgan Freeman???
63.6%
Faye Dunaway???
56.4%
Grace Kelly???
52.8%
Ingrid Bergman???
50.7%
Jack Lemmon???
45.4%
Sidney Poitier???
44.8%
Jon Voight???
44.6%
Julie Andrews???
43.6%
Julie Christie???
41.3%
Remove Ads.
Support Sporcle.
Get the best of Sporcle when you Go Orange. This ad-free experience offers more features, more stats, and more fun while also helping to support Sporcle. Thank you for becoming a member.

You're not logged in!

Compare scores with friends on all Sporcle quizzes.
OR
Log In

Show Comments

Extras

Top Quizzes Today


Score Distribution

Your Account Isn't Verified!

In order to create a playlist on Sporcle, you need to verify the email address you used during registration. Go to your Sporcle Settings to finish the process.

Report this User

Report this user for behavior that violates our Community Guidelines.

Details: